[Event "Bad Woerishofen op"]
[Site "?"]
[Date "2000.??.??"]
[Round "3"]
[White "Salomon, Heide"]
[Black "Wiesbeck, Florian"]
[Result "1-0"]
[WhiteElo "1542"]
[BlackElo "1758"]
[PlyCount "71"]
[EventDate "2000.??.??"]

1. e4 c5 2. Nf3 e6 3. d4 cxd4 4. Nxd4 Nf6 5. Nc3 d6 6. Bb5+ Bd7 7. O-O a6 8.
Bxd7+ Nbxd7 9. Bg5 Be7 10. Re1 Qc7 11. Qe2 O-O 12. Rad1 Rfe8 13. f4 h6 14. Bh4
Nxe4 15. Nxe4 Bxh4 16. g3 Be7 17. f5 Bf8 18. Qg4 d5 19. fxe6 fxe6 20. Nf2 e5
21. Nf5 Kh7 22. Nh4 Nf6 23. Qf5+ Kg8 24. Kg2 e4 25. Re2 Qf7 26. Ng4 Nxg4 27.
Qxg4 Rad8 28. Nf5 Qe6 29. Rf1 Rd7 30. Nxh6+ Qxh6 31. Qxd7 Qh5 32. g4 Qg6 33.
Qxd5+ Kh8 34. h3 e3 35. Rf5 Qe6 36. Rxf8+ 1-0

[Event "Bad Woerishofen op"]
[Site "?"]
[Date "2000.??.??"]
[Round "5"]
[White "Salomon, Heide"]
[Black "Eisenbeis, Norman"]
[Result "0-1"]
[WhiteElo "1542"]
[BlackElo "2179"]
[PlyCount "70"]
[EventDate "2000.??.??"]

1. e4 c5 2. Nf3 Nc6 3. Bc4 e6 4. O-O a6 5. a4 Nf6 6. Nc3 d5 7. exd5 exd5 8.
Re1+ Be7 9. Bf1 Bg4 10. h3 Bh5 11. g4 Bg6 12. d4 O-O 13. Be3 Qb6 14. dxc5 Qxb2
15. Nxd5 Nxd5 16. Qxd5 Qxc2 17. Re2 Qc3 18. Rc1 Qa5 19. Qd7 Be4 20. Bg2 Rfd8
21. Qxb7 Rab8 22. Qxb8 Rxb8 23. Bf4 Rb4 24. Bd2 Bd5 25. Bxb4 Qxb4 26. Rce1 Be6
27. Nd2 Nd4 28. Bd5 Nxe2+ 29. Rxe2 Bxd5 30. Rxe7 Kf8 31. Re2 Qxa4 32. f3 Qd4+
33. Kg2 Qxc5 34. Ne4 Bxe4 35. Rxe4 Qc2+ 0-1

[Event "Bad Woerishofen op"]
[Site "?"]
[Date "2000.??.??"]
[Round "7"]
[White "Salomon, Heide"]
[Black "Hoennekes, Klaus"]
[Result "0-1"]
[WhiteElo "1542"]
[BlackElo "2092"]
[PlyCount "126"]
[EventDate "2000.??.??"]

1. e4 g6 2. d4 Bg7 3. Bc4 d6 4. Nf3 h6 5. c3 e6 6. O-O Ne7 7. Re1 O-O 8. Be3 d5
9. exd5 exd5 10. Bd3 Bf5 11. Na3 c6 12. Re2 Bxd3 13. Qxd3 Nf5 14. Rae1 Na6 15.
Nc2 Nc7 16. Ne5 Nxe3 17. Nxe3 Bxe5 18. dxe5 Qg5 19. Qd4 Ne6 20. Qg4 Nf4 21. Rc2
Qxe5 22. g3 Nd3 23. Ree2 Qg7 24. f4 Nc5 25. f5 Rfe8 26. Qb4 b6 27. fxg6 fxg6
28. Qd4 Re4 29. Qxg7+ Kxg7 30. Ng2 Rae8 31. Rxe4 Rxe4 32. Nf4 g5 33. Ne2 Ne6
34. Kf2 g4 35. Rd2 Kf6 36. Nc1 a5 37. b3 Ng5 38. Kg2 Ke5 39. Nd3+ Kd6 40. Nf2
Re3 41. Nxg4 Rxc3 42. Nxh6 Ne4 43. Re2 a4 44. bxa4 c5 45. Nf5+ Ke5 46. Ne3 Ra3
47. g4 Rxa4 48. h4 d4 49. Nf5 Kf4 50. h5 Kxg4 51. h6 Kxf5 52. h7 Ra8 53. Kf3
Ng5+ 54. Kg3 Nxh7 55. Rb2 Ra6 56. Kf3 Ng5+ 57. Ke2 Ke4 58. Ke1 d3 59. Rg2 Nf3+
60. Kd1 Ke3 61. Rg8 Rxa2 62. Re8+ Kd4 63. Rd8+ Kc3 0-1

[Event "Bad Woerishofen op"]
[Site "?"]
[Date "2000.??.??"]
[Round "2"]
[White "Salvermoser, Bernd"]
[Black "Schoenfisch, Rainer"]
[Result "1/2-1/2"]
[WhiteElo "2190"]
[BlackElo "1790"]
[PlyCount "81"]
[EventDate "2000.??.??"]

1. d4 d5 2. c4 e6 3. Nc3 Nf6 4. cxd5 exd5 5. Bg5 Be7 6. e3 h6 7. Bf4 a6 8. Bd3
Bd6 9. Nge2 Nc6 10. Qd2 Ne7 11. Qc2 Be6 12. f3 c5 13. Bxd6 Qxd6 14. dxc5 Qxc5
15. Nd4 Rc8 16. Kd2 O-O 17. Rac1 Nc6 18. Nb3 Qd6 19. Ne2 Ne5 20. Qb1 Nc4+ 21.
Bxc4 dxc4+ 22. Nbd4 Nd5 23. e4 Nf4 24. Nxf4 Qxf4+ 25. Ke2 Rfd8 26. Rcd1 Qe5 27.
Nxe6 fxe6 28. Qc2 Rxd1 29. Kxd1 Rd8+ 30. Kc1 b5 31. g3 Rd3 32. Qe2 Qd4 33. Rd1
Qe3+ 34. Qxe3 Rxe3 35. Rd6 Rxf3 36. Rxa6 Rf1+ 37. Kc2 b4 38. Rc6 Rf2+ 39. Kc1
Rf1+ 40. Kd2 Rf2+ 41. Kc1 1/2-1/2

[Event "Bad Woerishofen op"]
[Site "?"]
[Date "2000.??.??"]
[Round "4"]
[White "Salvermoser, Bernd"]
[Black "Juscamayta, Tupac"]
[Result "0-1"]
[WhiteElo "2190"]
[BlackElo "1861"]
[PlyCount "78"]
[EventDate "2000.??.??"]

1. d4 d5 2. c4 e6 3. Nc3 Nf6 4. cxd5 exd5 5. Bg5 Be7 6. e3 O-O 7. Bd3 h6 8. Bf4
c6 9. h3 Bd6 10. Nge2 Re8 11. Qc2 b6 12. O-O Na6 13. Qa4 Nb4 14. Bb1 Bb7 15. a3
Na6 16. b4 Nc7 17. Qb3 Ne6 18. Bxd6 Qxd6 19. b5 Ng5 20. bxc6 Bxc6 21. Nf4 Nge4
22. Nxe4 Nxe4 23. Bxe4 Rxe4 24. a4 Re7 25. a5 Rb8 26. axb6 Rxb6 27. Qc2 g5 28.
Nh5 Bb5 29. Rfe1 Qg6 30. Qd1 f5 31. Qf3 Bc4 32. g4 Rf7 33. Qg3 Rb2 34. f4 Bd3
35. Rec1 Be4 36. Rc8+ Kh7 37. Kf1 Rg2 38. Qe1 fxg4 39. Ng3 gxh3 0-1

[Event "Bad Woerishofen op"]
[Site "?"]
[Date "2000.??.??"]
[Round "6"]
[White "Salvermoser, Bernd"]
[Black "Duckstein, Torsten"]
[Result "1-0"]
[WhiteElo "2265"]
[BlackElo "1842"]
[PlyCount "45"]
[EventDate "2000.??.??"]

1. d4 Nf6 2. c4 c5 3. d5 b5 4. cxb5 a6 5. e3 e6 6. Nc3 exd5 7. Nxd5 Bb7 8.
Nxf6+ Qxf6 9. Nf3 Be7 10. bxa6 Bxa6 11. Bxa6 Qxa6 12. Qe2 Qe6 13. a3 O-O 14.
O-O Nc6 15. Rb1 Rfb8 16. Qc2 Rb5 17. Bd2 Bf6 18. Bc3 Rab8 19. Bxf6 Qxf6 20.
Rfd1 Rxb2 21. Rxb2 Qxb2 22. Qxc5 Rb3 23. Qxc6 1-0

[Event "Bad Woerishofen op"]
[Site "?"]
[Date "2000.??.??"]
[Round "8"]
[White "Salvermoser, Bernd"]
[Black "Mantzouneas, Nikolaos"]
[Result "1-0"]
[WhiteElo "2265"]
[BlackElo "2057"]
[PlyCount "83"]
[EventDate "2000.??.??"]

1. d4 d5 2. c4 e6 3. Nc3 Nf6 4. cxd5 exd5 5. Bg5 c6 6. Qc2 Be7 7. e3 Nbd7 8.
Bd3 O-O 9. Nge2 h6 10. Bf4 c5 11. dxc5 Nxc5 12. Nd4 Nxd3+ 13. Qxd3 a6 14. O-O
Bd6 15. Nde2 Be6 16. Rfd1 g5 17. Bg3 Bxg3 18. hxg3 Qe7 19. f3 Rad8 20. g4 h5
21. gxh5 Nxh5 22. g4 Ng7 23. Ng3 f5 24. gxf5 Nxf5 25. Nxf5 Bxf5 26. Qd4 Be6 27.
Kg2 Qf7 28. Rf1 Qf5 29. f4 Qh3+ 30. Kf2 Qh2+ 31. Ke1 g4 32. Ne2 Rc8 33. Kd2
Rc2+ 34. Kxc2 Qxe2+ 35. Kb3 Qb5+ 36. Ka3 Qa5+ 37. Qa4 Qc5+ 38. Qb4 Qxe3+ 39. b3
a5 40. Qd6 Bf7 41. Rg1 g3 42. f5 1-0

[Event "Bad Woerishofen op"]
[Site "Bad Woerishofen"]
[Date "2000.??.??"]
[Round "1"]
[White "Sandner, Gunter"]
[Black "Fuess, Marcus"]
[Result "1-0"]
[WhiteElo "2361"]
[BlackElo "1988"]
[PlyCount "83"]
[EventDate "1998.03.05"]
[Source "ChessBase"]
[SourceDate "1998.04.29"]

1. Nf3 Nf6 2. d4 d6 3. g3 g6 4. Bg2 Bg7 5. O-O O-O 6. c4 Nbd7 7. Nc3 e5 8. e4
c6 9. h3 h6 10. Be3 Ne8 11. Qd2 Kh7 12. Rad1 Qc7 13. Qc2 a6 14. dxe5 dxe5 15.
c5 b5 16. cxb6 Nxb6 17. Bc5 Rg8 18. Na4 Nxa4 19. Qxa4 Rb8 20. Rd2 Rb5 21. Qc2
Be6 22. b3 Bf8 23. Bxf8 Rxf8 24. Rc1 c5 25. Bf1 Ra5 26. Kh2 f6 27. Bc4 Ng7 28.
Qd1 Rf7 29. b4 Ra3 30. bxc5 Bxc4 31. Rxc4 f5 32. exf5 Nxf5 33. c6 Nd4 34. Nxd4
exd4 35. Qg4 d3 36. Qd4 Qa5 37. Qb2 Ra4 38. Rc3 Rb4 39. Rb3 Rxb3 40. Qxb3 Rf6
41. Qb7+ Kg8 42. c7 1-0

[Event "Bad Woerishofen op"]
[Site "?"]
[Date "2000.??.??"]
[Round "3"]
[White "Sandner, Gunter"]
[Black "Schneider, Richard"]
[Result "1-0"]
[WhiteElo "2361"]
[BlackElo "2201"]
[PlyCount "49"]
[EventDate "2000.??.??"]

1. d4 Nf6 2. Nf3 d5 3. g3 c6 4. Bg2 Bf5 5. O-O e6 6. c4 Nbd7 7. b3 h6 8. Bb2
Qb8 9. Nc3 Bd6 10. Nd2 O-O 11. e4 dxe4 12. Ndxe4 Bc7 13. Re1 Re8 14. Qd2 Ba5
15. Nxf6+ Nxf6 16. Qe3 Qd6 17. h3 Rad8 18. Rad1 Bc2 19. Rd2 Bg6 20. Ree2 Bh5
21. Bf3 Bxf3 22. Qxf3 a6 23. Rd1 b5 24. Re5 Bc7 25. Rc5 1-0

[Event "Bad Woerishofen op"]
[Site "?"]
[Date "2000.??.??"]
[Round "5"]
[White "Sandner, Gunter"]
[Black "Mueller, Thorsten"]
[Result "1-0"]
[WhiteElo "2361"]
[BlackElo "2193"]
[PlyCount "57"]
[EventDate "2000.??.??"]

1. d4 d5 2. Nf3 Nf6 3. c4 c6 4. g3 Bf5 5. Nc3 e6 6. Bg2 h6 7. O-O Be7 8. Nd2
O-O 9. e4 dxe4 10. Ndxe4 Nxe4 11. Nxe4 Na6 12. Be3 Rc8 13. Qe2 Bg6 14. Rfd1 Re8
15. d5 exd5 16. cxd5 cxd5 17. Rxd5 Qc7 18. Rc1 Qb8 19. Rxc8 Qxc8 20. Nd6 Bxd6
21. Rxd6 Nb4 22. Qd2 Nc2 23. Bxa7 Qa8 24. Bd4 Qxa2 25. Bc3 Qb1+ 26. Bf1 Re1 27.
Rd8+ Kh7 28. Rh8+ Kxh8 29. Qxh6+ 1-0

[Event "Bad Woerishofen op"]
[Site "?"]
[Date "2000.??.??"]
[Round "7"]
[White "Sandner, Gunter"]
[Black "Graf, Christian"]
[Result "1/2-1/2"]
[WhiteElo "2361"]
[BlackElo "2222"]
[PlyCount "69"]
[EventDate "2000.??.??"]

1. d4 d5 2. g3 Nf6 3. Bg2 c6 4. Nf3 Bf5 5. O-O e6 6. c4 Be7 7. Nc3 h6 8. Nd2
O-O 9. e4 dxe4 10. Ndxe4 Nxe4 11. Nxe4 Nd7 12. Be3 Nf6 13. Nc3 Bb4 14. Qb3 Bxc3
15. Qxc3 a5 16. Rad1 Re8 17. Rfe1 Qd6 18. h3 Qb4 19. Bd2 Qxc3 20. Bxc3 a4 21.
Kh2 Bc2 22. Rd2 Bg6 23. Re3 Bb1 24. a3 Ba2 25. d5 exd5 26. Bxf6 gxf6 27. cxd5
Rxe3 28. fxe3 Bxd5 29. Bxd5 cxd5 30. Rxd5 Re8 31. Rb5 Rxe3 32. Rxb7 Re2+ 33.
Kg1 Kg7 34. Rb4 Kg6 35. Rxa4 1/2-1/2

[Event "Bad Woerishofen op"]
[Site "Bad Woerishofen"]
[Date "2000.??.??"]
[Round "1"]
[White "Sanna, Giuseppe"]
[Black "Straub, Peter"]
[Result "0-1"]
[WhiteElo "1615"]
[BlackElo "2126"]
[PlyCount "85"]
[EventDate "1998.03.05"]
[Source "ChessBase"]
[SourceDate "1998.04.29"]

1. e4 c5 2. Nf3 Nc6 3. d4 cxd4 4. Nxd4 g6 5. Nc3 Bg7 6. Be3 Nf6 7. f3 O-O 8.
Qd2 d6 9. Bc4 Bd7 10. h4 Rc8 11. Bb3 h5 12. O-O-O Nxd4 13. Bxd4 b5 14. Kb1 a5
15. a3 b4 16. axb4 axb4 17. Nd5 Nxd5 18. Bxg7 Kxg7 19. Qxd5 f6 20. Rhg1 Rc5 21.
Qd2 Qa5 22. Qe3 Ra8 23. Kc1 Qa1+ 24. Kd2 Qxb2 25. Rb1 Qc3+ 26. Ke2 Bb5+ 27. Kf2
Bc4 28. Qxc3 bxc3 29. Bxc4 Rxc4 30. Ke2 f5 31. Kd3 Raa4 32. exf5 gxf5 33. Rb3
Rd4+ 34. Kxc3 Rac4+ 35. Kb2 Rd2 36. Rc3 Rxh4 37. Re3 Kf6 38. Kc1 Rf2 39. Rd3
Ra4 40. Rd2 Rxf3 41. Kd1 Re3 42. Re2 Ra1+ 43. Kd2 0-1

[Event "Bad Woerishofen op"]
[Site "?"]
[Date "2000.??.??"]
[Round "3"]
[White "Sanna, Giuseppe"]
[Black "Wollsdorf, Friedrich"]
[Result "0-1"]
[WhiteElo "1615"]
[BlackElo "1773"]
[PlyCount "60"]
[EventDate "2000.??.??"]

1. e4 c5 2. Nf3 a6 3. d4 cxd4 4. Nxd4 Nf6 5. Nc3 e5 6. Nf3 Bb4 7. Bd3 d5 8.
exd5 e4 9. O-O Bxc3 10. bxc3 O-O 11. Bc4 exf3 12. Qxf3 Bg4 13. Qd3 Nbd7 14. Qd4
Bf5 15. Bd3 Bxd3 16. cxd3 Re8 17. c4 Qa5 18. Be3 Rac8 19. a4 Nc5 20. Rfb1 Nfd7
21. Ra2 Ne5 22. Bd2 Qd8 23. Bc3 Qg5 24. Bd2 Nf3+ 25. Kh1 Nxd2 26. Rd1 Re2 27.
d6 Rd8 28. Raa1 Ndb3 29. h4 Qf5 30. g4 Qf3+ 0-1

[Event "Bad Woerishofen op"]
[Site "?"]
[Date "2000.??.??"]
[Round "5"]
[White "Sanna, Giuseppe"]
[Black "Dintheer, Willi"]
[Result "0-1"]
[WhiteElo "1615"]
[BlackElo "1800"]
[PlyCount "96"]
[EventDate "2000.??.??"]

1. e4 e5 2. Nf3 Nc6 3. Bb5 a6 4. Ba4 Nf6 5. O-O Be7 6. Re1 b5 7. Bb3 O-O 8. c3
d5 9. exd5 Nxd5 10. Nxe5 Nxe5 11. Rxe5 c6 12. d4 Bd6 13. Re1 Qh4 14. g3 Qh3 15.
Qf3 Bg4 16. Qg2 Qh5 17. Qf1 Rae8 18. Bd2 f5 19. Bc2 Bf3 20. h3 f4 21. g4 Qh4
22. Bb3 h5 23. gxh5 Qxh5 24. a4 Rxe1 25. Bxe1 Rf5 26. Nd2 Rg5+ 27. Kh2 Rg2+ 28.
Qxg2 Bxg2 29. Kxg2 f3+ 30. Nxf3 Qg6+ 31. Kf1 Kh8 32. Bxd5 cxd5 33. axb5 axb5
34. Ne5 Bxe5 35. dxe5 Qd3+ 36. Kg1 Kh7 37. Ra6 Qe2 38. Ra1 Qxb2 39. Ra7 Qe2 40.
Ra1 Kg6 41. f4 Qe3+ 42. Bf2 Qxc3 43. f5+ Kxf5 44. Re1 Ke6 45. Re3 Qb2 46. Be1
b4 47. Bg3 b3 48. Be1 Qd4 0-1

[Event "Bad Woerishofen op"]
[Site "?"]
[Date "2000.??.??"]
[Round "6"]
[White "Sanna, Giuseppe"]
[Black "Walke, Guenter"]
[Result "0-1"]
[WhiteElo "1615"]
[BlackElo "1838"]
[PlyCount "144"]
[EventDate "2000.??.??"]

1. e4 d5 2. exd5 Nf6 3. d4 Nxd5 4. Be2 Bf5 5. Nf3 e6 6. a3 Bd6 7. O-O c6 8. c4
Nf4 9. Re1 Nxe2+ 10. Qxe2 h6 11. Nc3 Nd7 12. Ne4 Bxe4 13. Qxe4 Nf6 14. Qd3 Rc8
15. b3 O-O 16. Bb2 Bb8 17. Rad1 Qc7 18. Ne5 Rcd8 19. Qg3 Qe7 20. Qf3 Nd7 21.
Qg4 Nf6 22. Qf3 Bd6 23. c5 Bb8 24. b4 Rd5 25. Nc4 Rfd8 26. h3 Rf5 27. Qxf5 Qc7
28. Qe5 Qe7 29. Qe2 Rd5 30. Ne5 Nh7 31. b5 cxb5 32. Qxb5 Qc7 33. Qe2 f6 34. Nf3
Ng5 35. Qe3 Nxf3+ 36. Qxf3 Qh2+ 37. Kf1 Rf5 38. Qe4 Kh8 39. Ke2 Rf4 40. Qxb7
Rf5 41. Qc8+ Kh7 42. Qxe6 Qf4 43. Qe3 Qh4 44. Rf1 Rg5 45. Qf3 Bg3 46. Kd3 Bxf2
47. Rxf2 Rg3 48. Qxg3 Qxg3+ 49. Rf3 Qxg2 50. Rdf1 Qxb2 51. Ke4 Qc2+ 52. Kd5
Qa2+ 53. Kd6 Qg8 54. c6 Qd8+ 55. Kc5 Qb6+ 56. Kd5 Kg8 57. Rc3 Qb5+ 58. Rc5 Qxf1
59. c7 Qf5+ 60. Kc6 Qc8 61. Rd5 Qa8+ 62. Kc5 Qf8+ 63. Rd6 Kf7 64. Kd5 Ke7 65.
Rc6 Qc8 66. Kc5 Kd7 67. d5 f5 68. Rd6+ Kxc7 69. Rc6+ Kd7 70. Rxc8 Kxc8 71. h4
g5 72. Kd6 Kd8 0-1

[Event "Bad Woerishofen op"]
[Site "?"]
[Date "2000.??.??"]
[Round "9"]
[White "Sanna, Giuseppe"]
[Black "Schmitt, Karl"]
[Result "0-1"]
[WhiteElo "1615"]
[BlackElo "1826"]
[PlyCount "72"]
[EventDate "2000.??.??"]

1. e4 c5 2. Nf3 e6 3. d4 cxd4 4. Nxd4 Nc6 5. Be3 Qc7 6. Bd3 a6 7. O-O b5 8. a3
Nf6 9. Nc3 Bb7 10. Nxc6 Bxc6 11. f4 d6 12. Kh1 Qb7 13. Qf3 Be7 14. Rae1 d5 15.
exd5 Nxd5 16. Nxd5 Bxd5 17. Qg4 Bf6 18. Bc1 O-O 19. Re3 Bd4 20. Rh3 f5 21. Qe2
Rf6 22. c3 Rg6 23. Rg3 Rxg3 24. hxg3 Bb6 25. Be3 Bxe3 26. Qxe3 Bxg2+ 27. Kg1
Bxf1 28. Qxe6+ Qf7 29. Qxf7+ Kxf7 30. Bxf1 Rd8 31. c4 Rd1 32. cxb5 axb5 33. Kg2
Rd2+ 34. Kh3 Rxb2 35. Bd3 Kf6 36. Bf1 h6 0-1

[Event "Bad Woerishofen op"]
[Site "?"]
[Date "2000.??.??"]
[Round "2"]
[White "Santl, Anton"]
[Black "Schuetz, Robert"]
[Result "1-0"]
[WhiteElo "2009"]
[BlackElo "1690"]
[PlyCount "61"]
[EventDate "2000.??.??"]

1. Nf3 d5 2. c4 c6 3. g3 Bf5 4. Bg2 Nf6 5. O-O e6 6. b3 Nbd7 7. Bb2 h6 8. d3
Be7 9. Nbd2 O-O 10. Rc1 a5 11. a3 Qc7 12. Rc2 Rac8 13. Nd4 Bg6 14. cxd5 exd5
15. Qa1 Qb6 16. N4f3 Bf5 17. e4 dxe4 18. Nd4 Bg6 19. dxe4 Qd8 20. Rd1 Re8 21.
f3 Bf8 22. Nc4 b5 23. Ne3 Qb6 24. Kh1 c5 25. Ndf5 Bxf5 26. Nxf5 Qe6 27. Rcd2
Rcd8 28. Nxh6+ gxh6 29. Bxf6 Qxf6 30. Qxf6 Bg7 31. Qa6 1-0

[Event "Bad Woerishofen op"]
[Site "?"]
[Date "2000.??.??"]
[Round "4"]
[White "Santl, Anton"]
[Black "Garnier-Salvi, Vince"]
[Result "1-0"]
[WhiteElo "2191"]
[BlackElo "1740"]
[PlyCount "127"]
[EventDate "2000.??.??"]

1. Nf3 Nf6 2. c4 g6 3. g3 Bg7 4. Bg2 O-O 5. O-O d6 6. d4 Nc6 7. Nc3 a6 8. d5
Na5 9. Nd2 c5 10. Qc2 e6 11. Rb1 exd5 12. cxd5 b6 13. b3 Nb7 14. Bb2 Nd7 15. h3
f5 16. e3 Nf6 17. Ne2 Qe7 18. Nf4 Nd8 19. Rfe1 b5 20. Rbd1 Rb8 21. e4 Nf7 22.
exf5 Bxf5 23. Rxe7 Bxc2 24. Rc1 Bf5 25. Ra7 Bc8 26. Ne6 Re8 27. Nxg7 Kxg7 28.
Ne4 Rxe4 29. Bxe4 Rb7 30. Rxb7 Bxb7 31. f4 Nd8 32. Bg2 Kf7 33. Rd1 Nh5 34. Kf2
Ng7 35. Bxg7 Kxg7 36. Bf3 Ba8 37. Bg4 Nb7 38. Bc8 Kf8 39. Bxb7 Bxb7 40. g4 Bc8
41. Kf3 Ke7 42. Ke3 Kf6 43. Kd3 h6 44. Ke4 h5 45. gxh5 gxh5 46. h4 Bg4 47. Rg1
a5 48. Rf1 Bh3 49. Re1 Bg2+ 50. Kd3 Bxd5 51. Re8 c4+ 52. Kc2 Bf7 53. Ra8 Bg6+
54. Kb2 cxb3 55. axb3 a4 56. bxa4 bxa4 57. Ra6 Kf5 58. Rxd6 Be8 59. Rd8 Bc6 60.
Rf8+ Kg4 61. f5 Kxh4 62. f6 Kg5 63. f7 Kg6 64. Rc8 1-0

[Event "Bad Woerishofen op"]
[Site "?"]
[Date "2000.??.??"]
[Round "6"]
[White "Santl, Anton"]
[Black "Hofmann, Juergen"]
[Result "1-0"]
[WhiteElo "2009"]
[BlackElo "2200"]
[PlyCount "61"]
[EventDate "2000.??.??"]

1. Nf3 Nf6 2. c4 c6 3. g3 d5 4. Bg2 Bg4 5. O-O Nbd7 6. cxd5 cxd5 7. d4 g6 8.
Nc3 e6 9. Bf4 Bg7 10. Nb5 O-O 11. Bc7 Qe8 12. Bd6 Qd8 13. Bxf8 Bxf8 14. Nc3 Ne4
15. Nxe4 dxe4 16. Ne1 g5 17. Bxe4 f5 18. Bf3 Bh3 19. Bg2 Bg4 20. h3 Bh5 21. Bf3
Bf7 22. Nd3 f4 23. e3 fxg3 24. fxg3 Bd6 25. Bh5 Bg6 26. Bxg6 hxg6 27. Qg4 Nf8
28. Rf2 Rc8 29. Raf1 Rc7 30. Ne5 Qe8 31. Qxg5 1-0

[Event "Bad Woerishofen op"]
[Site "?"]
[Date "2000.??.??"]
[Round "8"]
[White "Santl, Anton"]
[Black "Sebastian, Dirk"]
[Result "0-1"]
[WhiteElo "2191"]
[BlackElo "2322"]
[PlyCount "140"]
[EventDate "2000.??.??"]

1. Nf3 g6 2. g3 Bg7 3. Bg2 d6 4. d4 Nf6 5. O-O O-O 6. c4 Nbd7 7. Nc3 e5 8. e4
exd4 9. Nxd4 Re8 10. h3 a6 11. Rb1 Rb8 12. b4 Ne5 13. b5 axb5 14. cxb5 Ned7 15.
Re1 Nc5 16. Bb2 Be6 17. Qc2 Ra8 18. Rbd1 Nfd7 19. Nxe6 fxe6 20. a3 Qe7 21. Ne2
Bxb2 22. Qxb2 Nb6 23. Rd4 e5 24. Rb4 Qf7 25. Nc1 Ra7 26. Bf1 Rf8 27. Re3 Ne6
28. Qa2 Nd4 29. Qxf7+ Kxf7 30. Rc3 Rc8 31. Ne2 Na4 32. Rc1 Nxe2+ 33. Bxe2 Nc5
34. Rc3 b6 35. Bc4+ Ke7 36. Bd5 Rf8 37. Kg2 Ra5 38. Rb1 Ra4 39. Rb4 Ra5 40. Rb1
Ra7 41. Ra1 Ra4 42. Re1 Rd4 43. Ree3 Ra4 44. Kf1 Rd4 45. Ke2 g5 46. Rc1 h5 47.
f3 Rf6 48. Rec3 Rh6 49. Ke3 h4 50. g4 Ra4 51. Ke2 Kd8 52. Ke3 Rh7 53. Rb1 Re7
54. Rb4 Ra5 55. Kd2 Nd7 56. a4 Nf8 57. Bc4 Ng6 58. Bf1 Nf4 59. Kc2 Rd7 60. Rbc4
Rf7 61. Kb3 Ne6 62. Kb4 Nc5 63. Ka3 c6 64. Rb4 Rfa7 65. bxc6 Rxa4+ 66. Rxa4
Rxa4+ 67. Kb2 Kc7 68. Bc4 Kxc6 69. Bd5+ Kc7 70. Kc2 b5 0-1

[Event "Bad Woerishofen op"]
[Site "?"]
[Date "2000.??.??"]
[Round "2"]
[White "Santner, Thomas"]
[Black "Karpatchev, Alexandre"]
[Result "0-1"]
[WhiteElo "1939"]
[BlackElo "2453"]
[PlyCount "82"]
[EventDate "2000.??.??"]

1. e4 c5 2. Nf3 g6 3. g3 Bg7 4. Bg2 Nc6 5. O-O e5 6. Nc3 Nge7 7. d3 O-O 8. Nd2
d6 9. Nc4 Be6 10. Ne3 Rb8 11. a4 a6 12. f4 f5 13. Ncd5 fxe4 14. dxe4 exf4 15.
gxf4 Nd4 16. c3 Bxd5 17. cxd4 Bc6 18. d5 Bd7 19. Nc4 Be8 20. a5 Bb5 21. Qc2 Nc8
22. Ra2 Bd4+ 23. Kh1 Qh4 24. b3 Ne7 25. Qd2 b6 26. axb6 Bxc4 27. bxc4 Rxb6 28.
Qe1 Qf6 29. Re2 Qg7 30. e5 Nf5 31. Bh3 a5 32. Bxf5 Rxf5 33. exd6 Rxd6 34. Re6
Rd8 35. Ra6 Rff8 36. Bd2 Rde8 37. Qd1 Qe7 38. Re1 Qh4 39. Rxe8 Rxe8 40. Rxa5
Qh3 41. Ra7 Qd3 0-1

[Event "Bad Woerishofen op"]
[Site "?"]
[Date "2000.??.??"]
[Round "4"]
[White "Santner, Thomas"]
[Black "Zyla, Winfried"]
[Result "1/2-1/2"]
[WhiteElo "1939"]
[BlackElo "2181"]
[PlyCount "75"]
[EventDate "2000.??.??"]

1. e4 g6 2. d4 Bg7 3. c4 c6 4. Nc3 d6 5. Nf3 Nf6 6. Be2 O-O 7. O-O Nfd7 8. Bg5
h6 9. Be3 e5 10. Qd2 Kh7 11. g4 Qe7 12. d5 c5 13. Bd3 Na6 14. a3 Rh8 15. h3 Nf8
16. Kh2 f6 17. Rg1 g5 18. Ne1 Ng6 19. Ng2 Kg8 20. f3 h5 21. Kg3 Nf4 22. Rh1 Bd7
23. Rab1 Kf7 24. Bc2 Rh6 25. Rh2 Rah8 26. Rbh1 Qe8 27. Ne1 R8h7 28. b3 Qh8 29.
Bg1 hxg4 30. hxg4 Rh3+ 31. Rxh3 Rxh3+ 32. Rxh3 Qxh3+ 33. Kf2 Ng6 34. Bb1 Qh1
35. Kf1 Qh3+ 36. Kf2 Qh1 37. Kf1 Nc7 38. Qh2 1/2-1/2

[Event "Bad Woerishofen op"]
[Site "?"]
[Date "2000.??.??"]
[Round "6"]
[White "Santner, Thomas"]
[Black "Hilbig, Olaf"]
[Result "1-0"]
[WhiteElo "1939"]
[BlackElo "2150"]
[PlyCount "117"]
[EventDate "2000.??.??"]

1. e4 c5 2. Nf3 d6 3. d4 cxd4 4. Nxd4 Nf6 5. Nc3 g6 6. Be3 Bg7 7. f3 O-O 8. Bc4
Nc6 9. Qd2 Ne5 10. Bb3 Bd7 11. O-O-O Rc8 12. Bh6 Nc4 13. Bxc4 Rxc4 14. Bxg7
Kxg7 15. g4 Qa5 16. h4 Rfc8 17. Kb1 Kg8 18. Nd5 Qxd2 19. Nxf6+ Kg7 20. Rxd2
Kxf6 21. Rhd1 h6 22. Ne2 g5 23. h5 Be6 24. Nc3 R4c5 25. Re1 b5 26. Red1 R8c7
27. Rd4 a5 28. R1d2 Ke5 29. Ne2 b4 30. Nc1 Bc4 31. a3 bxa3 32. b3 Bb5 33. c4
Bc6 34. Ka2 Kf4 35. R2d3 Ke5 36. Kxa3 Rb7 37. Ne2 Rd7 38. Nc3 e6 39. Ne2 d5 40.
exd5 exd5 41. Re3+ Kf6 42. Nc3 Re7 43. Rxe7 Kxe7 44. Nxd5+ Kd6 45. Nb4+ Ke6 46.
Nxc6 Rxc6 47. Rd5 f6 48. Ka4 Ke7 49. Kxa5 Re6 50. Rf5 Kd7 51. b4 Kc7 52. b5 Kb7
53. c5 Kc7 54. c6 Rd6 55. Rc5 Rd3 56. b6+ Kc8 57. c7 Rb3 58. Rd5 Kb7 59. Rd8
1-0

[Event "Bad Woerishofen op"]
[Site "?"]
[Date "2000.??.??"]
[Round "8"]
[White "Santner, Thomas"]
[Black "Bischoff, Dieter"]
[Result "0-1"]
[WhiteElo "1939"]
[BlackElo "2188"]
[PlyCount "24"]
[EventDate "2000.??.??"]

1. e4 c5 2. Nf3 d6 3. d4 cxd4 4. Nxd4 Nf6 5. Nc3 Nc6 6. Bg5 e6 7. Qd2 a6 8.
O-O-O h6 9. Bh4 Nxe4 10. Nxe4 Qxh4 11. Nxd6+ Bxd6 12. Nf5 exf5 0-1

[Event "Bad Woerishofen op"]
[Site "Bad Woerishofen"]
[Date "2000.??.??"]
[Round "1"]
[White "Saumweber, Walter"]
[Black "Dintheer, Willi"]
[Result "1-0"]
[WhiteElo "2212"]
[BlackElo "1800"]
[PlyCount "178"]
[EventDate "1998.03.05"]
[Source "ChessBase"]
[SourceDate "1998.04.29"]

1. c4 Nf6 2. g3 c6 3. b3 d5 4. Bb2 Nbd7 5. Nf3 e6 6. Bg2 Be7 7. O-O O-O 8. d3
Re8 9. a3 b6 10. Nc3 Bb7 11. e3 Rc8 12. Qe2 Qc7 13. Rac1 dxc4 14. bxc4 c5 15.
Ba1 Rcd8 16. Rfd1 Qb8 17. a4 Bc6 18. d4 Qb7 19. Rd2 Ne4 20. Nxe4 Bxe4 21. Ne1
Bxg2 22. Nxg2 Nf6 23. dxc5 Rxd2 24. Qxd2 Rd8 25. Qe2 bxc5 26. Nf4 Qe4 27. f3
Qc6 28. a5 Qa4 29. Bc3 Qb3 30. Kg2 h6 31. Nd3 Qa3 32. Rc2 Ne8 33. e4 Nd6 34.
Ne5 Rc8 35. Qd2 Qa4 36. Bb2 a6 37. Rc1 Rb8 38. Bc3 Rb3 39. h4 Qe8 40. Qc2 Rb7
41. Bd2 Bf6 42. Bc3 Bd8 43. Qd3 Be7 44. Qe2 f6 45. Ng4 h5 46. Ne3 Qg6 47. Kh3
Rb8 48. Ng2 f5 49. Nf4 Qf7 50. e5 Ne8 51. Qe3 Rb3 52. Nd3 Qf8 53. Qf2 g6 54.
Qc2 Rb8 55. Bd2 Ng7 56. Be3 Qd8 57. Bxc5 Bxc5 58. Nxc5 Qxa5 59. Nd7 Rb7 60.
Nf6+ Kf7 61. c5 Ne8 62. c6 Re7 63. Nxe8 Rxe8 64. c7 Rc8 65. Qc6 Qb5 66. Qd6 f4
67. gxf4 Qd5 68. Kg3 Qxd6 69. exd6 Ke8 70. Kf2 Kd7 71. Rd1 a5 72. Ke3 a4 73.
Ke4 a3 74. Ke5 Rf8 75. Ra1 Rf5+ 76. Ke4 Rd5 77. Rxa3 Rxd6 78. Rc3 Kc8 79. Ke5
Ra6 80. Kf6 Ra4 81. Kg5 Rd4 82. Kxg6 Rxf4 83. Kxh5 e5 84. Kg5 Rf7 85. h5 Rg7+
86. Kf6 Rh7 87. Kg6 Rh8 88. h6 Rg8+ 89. Kf7 Rg3 1-0

[Event "Bad Woerishofen op"]
[Site "Bad Woerishofen"]
[Date "2000.??.??"]
[Round "2"]
[White "Saumweber, Walter"]
[Black "Nevednichy, Vladislav"]
[Result "0-1"]
[WhiteElo "2212"]
[BlackElo "2589"]
[PlyCount "102"]
[EventDate "1998.03.05"]
[Source "ChessBase"]
[SourceDate "1998.04.29"]

1. c4 e5 2. g3 d6 3. Bg2 Nc6 4. Nc3 g6 5. e4 Bg7 6. Nge2 Nf6 7. d3 O-O 8. O-O
a5 9. h3 Nd7 10. Be3 Nc5 11. d4 exd4 12. Nxd4 Ne5 13. Qe2 c6 14. Rad1 Qe7 15.
f4 Ned7 16. Rfe1 Re8 17. Qc2 a4 18. Kh2 h5 19. Bf2 Qf8 20. Nf3 a3 21. b3 Bxc3
22. Qxc3 Nxe4 23. Qc2 Nxf2 24. Rxe8 Qxe8 25. Qxf2 Nc5 26. Qd4 Qf8 27. Ng5 Bf5
28. b4 Ne6 29. Nxe6 Bxe6 30. Rd2 Qe7 31. Bf3 Ra4 32. Qc3 Qf8 33. Bd1 Ra8 34. g4
hxg4 35. Bxg4 Bxg4 36. hxg4 Re8 37. Qd3 Qh6+ 38. Kg3 Qh1 39. Re2 Qg1+ 40. Kh4
Rxe2 41. Qxe2 Qd4 42. Kg5 Kg7 43. Qe7 Qxc4 44. f5 Qc1+ 45. Kh4 gxf5 46. gxf5
Qf4+ 47. Kh3 Qxf5+ 48. Kg2 Qe6 49. Qxb7 Qxa2+ 50. Kh3 Qe6+ 51. Kg2 Qg4+ 0-1